[Event "Washington Open Championship"]
[Site "SeaTac City, WA"]
[Date "2012.05.27"]
[Round "3"]
[White "Sinanan Joshua  (WA)"]
[Black "Sen Samir  (WA)"]
[Result "1/2-1/2"]
[WhiteElo "2288"]
[BlackElo "2067"]
[Annotator ""]
[Source ""]
[Remark "Open"]

1.d4 d5 2.c4 c6 3.Nc3 Nf6 4.Nf3 a6 5.a4 e6 6.Bg5 Be7 7.e3 O-O
8.Be2 a5 9.O-O Na6 10.Rc1 Nb4 11.Re1 Nd7 12.Bf4 f5 13.h3 Nf6
14.Ne5 Bd7 15.Bh2 Be8 16.f3 Nd7 17.Nd3 Bh4 18.Rf1 Qe7 19.Nf4
Bf6 20.b3 g5 21.Nd3 Nxd3 22.Bxd3 Bg6 23.f4 Qg7 24.Qc2 Rae8 25.Kh1
Nb8 26.Qd2 Nd7 27.Ne2 gxf4 28.exf4 Ra8 29.Bg1 Kh8 30.Be3 Be7
31.Ng1 Bh5 32.Be2 Bxe2 33.Nxe2 Nf6 34.Rf3 Ne4 35.Qc2 Rf6 36.Rg1
Rg6 37.g3 Rg8 38.Kh2 Rh6 39.Kg2 Bh4 40.Bf2 Rg6 41.Qd3 Bf6 42.Be1
Qc7 43.Kf1 h5 44.h4 b6 45.Bf2 Qe7 46.Be1 Rd8 47.Qc2 Rc8 48.Rd3
Rgg8 49.Rd1 Rg4 50.Rd3 Rgg8 51.Rd1 c5 52.Qd3 cxd4 53.cxd5 {%02  (Interestingly, at this point, my computer really likes Black's position, much more than Black did, it seems.)}
 1/2-1/2

[Event "Washington Open Championship"]
[Site "SeaTac City, WA"]
[Date "2012.05.27"]
[Round "3"]
[White "Singh Ranjeet  (WA)"]
[Black "Olson Travis  (WA)"]
[Result "1-0"]
[WhiteElo "1534"]
[BlackElo "1767"]
[Annotator ""]
[Source ""]
[Remark "Premier"]

1.b3 d5 2.Bb2 Nf6 3.e3 c5 4.Nf3 Nc6 5.Bb5 Bg4 6.h3 Bh5 7.O-O
e6 8.d3 Be7 9.Nbd2 O-O 10.Bxc6 bxc6 11.Qe1 Nd7 12.Ne5 Nxe5 13.Bxe5
f6 14.Bb2 Qc7 15.f4 Bd6 16.Qh4 Bf7 17.Nf3 Rfe8 18.g4 Qe7 19.Rf2
Bg6 20.Raf1 Rf8 21.g5 fxg5 22.Nxg5 h6 23.Nf3 Qxh4 24.Nxh4 Bh7
25.Nf3 Be7 26.Be5 Rad8 27.Rg2 Bf6 28.Bxf6 Rxf6 29.Ne5 Rd6 30.Kh2
Kf8 31.Rfg1 g6 32.Nxg6+ Bxg6 33.Rxg6 Rxg6 34.Rxg6 d4 35.e4 Kf7
36.Rxh6 Kg7 37.Rh5 Kf6 38.e5+ 1-0

[Event "Washington Open Championship"]
[Site "SeaTac City, WA"]
[Date "2012.05.27"]
[Round "4"]
[White "Lampman Becca  (WA)"]
[Black "Saputra Yogi  (OR)"]
[Result "0-1"]
[WhiteElo "1885"]
[BlackElo "1749"]
[Annotator ""]
[Source ""]
[Remark "Premier"]

1.d4 Nf6 2.c4 e6 3.Nc3 Bb4 4.f3 d5 5.a3 Bxc3+ 6.bxc3 O-O 7.cxd5
exd5 8.e3 c5 9.Bd3 Re8 10.Ne2 Nc6 11.O-O Rb8 12.Ng3 Qd6 13.Ra2
b5 14.Re2 a5 15.e4 cxd4 16.exd5 Qxd5 17.Rxe8+ Nxe8 18.Be4 Qc5
19.cxd4 Qxd4+ 20.Kh1 ( 20.Qxd4 Nxd4 21.Be3 $14 ) Qxd1 21.Rxd1
Bb7 22.Bf4 Rc8 23.Kg1 Nf6 24.Bf5 Ra8 25.Rb1 Ba6 26.Ne4 Nd5 27.Bd6
Rd8 28.Nc5 Rxd6 29.Nxa6 Nd4 30.Bc8 Nb6 31.Bb7 Nc4 32.a4 bxa4
33.Nc5 a3 34.Ba6 Rb6 35.Re1 Nd6 36.Bd3 a2 37.Ra1 Rb2 38.h3 g6
39.f4 Nc4 40.Kh2 Ne3 41.Na4 Rxg2+ 42.Kh1 Nb3 0-1

[Event "Washington Open Championship"]
[Site "SeaTac City, WA"]
[Date "2012.05.27"]
[Round "4"]
[White "Gulamali Faris  (WA)"]
[Black "Singh Ranjeet  (WA)"]
[Result "1/2-1/2"]
[WhiteElo "1701"]
[BlackElo "1534"]
[Annotator ""]
[Source ""]
[Remark "Premier"]

1.d4 Nf6 2.c4 c5 3.Nf3 g6 4.Nc3 cxd4 5.Nxd4 Bg7 6.g3 O-O 7.Bg2
Nc6 8.e3 Ne5 9.b3 Qa5 10.Bb2 d6 11.O-O Bg4 12.Qc2 Rab8 13.h3
Bd7 14.Rfd1 Nc6 15.Qe2 Nxd4 16.exd4 Rfe8 17.Rac1 e6 18.Qd2 Qh5
19.Qe2 Qxe2 20.Nxe2 Bc6 21.Nf4 Bxg2 22.Kxg2 g5 23.Nd3 Rbc8 24.Ne1
d5 25.Nf3 Ne4 26.Re1 Bf8 27.Rc2 Rc7 28.Rce2 Bb4 29.Rc1 Rec8 30.c5
Ba5 31.a3 Rc6 32.Ne5 Ra6 33.b4 Bd8 34.Re3 f6 35.Nf3 Rac6 36.Re2
b5 37.Ne1 Bc7 38.a4 Rb8 39.a5 Kf7 40.Nf3 Rg8 41.Nd2 Nxd2 42.Rxd2
f5 43.Re2 Bb8 44.Rce1 Rg6 45.Bc1 a6 46.Kf3 Rc8 47.g4 fxg4+ 48.hxg4
Rf6+ 49.Kg2 h6 50.Rh1 Kg7 51.Re3 Bf4 52.Rf3 Bxc1 53.Rxf6 Kxf6
54.Rxc1 e5 1/2-1/2

[Event "Washington Open Championship"]
[Site "SeaTac City, WA"]
[Date "2012.05.27"]
[Round "4"]
[White "Filimonov Kirill  (WA)"]
[Black "Can Suha  (WA)"]
[Result "0-1"]
[WhiteElo "1081"]
[BlackElo "1149"]
[Annotator ""]
[Source ""]
[Remark "Booster"]

1.e4 e5 2.Nf3 Nc6 3.Bb5 a6 4.Ba4 Nf6 5.O-O b5 6.Bb3 Bc5 7.c3
d6 8.Re1 Bg4 9.h3 Bh5 10.d3 h6 11.Be3 Bxe3 12.fxe3 O-O
( 12...O-O 13.Nbd2 Re8 14.d4 exd4 15.exd4 a5 16.Bc2 Re7 17.Re3
Qd7 18.Qe2 b4 19.Qd3 bxc3 20.bxc3 Rae8 21.Ba4 Bxf3 22.gxf3 Qxh3
23.Bxc6 Qg3+ 24.Kf1 Qh3+ 25.Ke2 Rb8 26.Rb1 Rxb1 27.Qxb1 Qg2+
28.Kd3 g5 29.Qf1 Qxf1+ 30.Nxf1 h5 31.Ng3 h4 32.Nf5 Kf8 33.Nxe7
Kxe7 34.Re1 Nh5 35.Rg1 Kf6 36.Bd7 Nf4+ 37.Ke3 Kg6 38.Kf2 Nd3+
39.Kg2 Nf4+ 40.Kh2 Ne2 41.Rg2 Nxc3 42.Rc2 Nd1 43.Rxc7 Ne3 44.Ra7
Nf1+ 45.Kg2 Ne3+ 46.Kh3 f5 47.exf5+ Nxf5 48.Bxf5+ Kxf5 49.Rxa5+
Kf4 50.Rxg5 Kxg5 51.a4 {1-0, Stefany Jan - Schreyer Vaclav, Frymburk (Czech Republic) 2000}
) 13.Bc2 Rb8 14.d4 Qd7 15.d5 Na5 16.Nbd2 c5 17.b4 Nb7 18.a3 c4
19.a4 Ra8 20.axb5 axb5 21.Rxa8 Rxa8 22.Nf1 Ra2 23.N1h2 Ra3 24.Qd2
Bg6 25.Rf1 Bxe4 26.Bd1 Bd3 27.Rf2 Ra1 28.Qe1 Ne4 29.Rb2 Nxc3
30.Qxc3 Rxd1+ 31.Ne1 Qf5 32.Rf2 Qe4 33.Nf1 Qxd5 34.Nxd3 Qxd3
35.Qxd3 Rxd3 36.Rd2 Rxd2 37.Nxd2 d5 38.Kf2 f5 39.g3 Kf7 40.Kf3
Nd8 41.Nb1 Ne6 42.Nc3 Nc7 43.g4 fxg4+ 44.hxg4 Kf6 45.e4 d4 46.Nd1
Na6 0-1

[Event "Washington Open Championship"]
[Site "SeaTac City, WA"]
[Date "2012.05.27"]
[Round "4"]
[White "Wilson Diallo  (WA)"]
[Black "Ruddell Craig  (WA)"]
[Result "1-0"]
[WhiteElo "1470"]
[BlackElo "1570"]
[Annotator ""]
[Source ""]
[Remark "Reserve"]

1.d4 d5 2.e3 Bf5 3.Bd3 Bxd3 4.Qxd3 c6 5.f4 e6 6.Nf3 f5 7.Qb3
Qc8 8.Nbd2 Nf6 9.c4 Bd6 10.c5 Bc7 11.O-O O-O 12.Qd1 Nbd7 13.Ne5
Ne4 14.Ndf3 Ndf6 15.Bd2 Bxe5 16.fxe5 Nxd2 17.Qxd2 Ne4 18.Qe2
Qc7 19.b4 Qe7 20.a4 g5 21.Ra3 g4 22.Ne1 h5 23.Rb3 Qg5 24.Nd3
h4 25.Nf4 Kf7 26.Rfb1 g3 27.h3 Rab8 28.b5 cxb5 29.Rxb5 b6 30.Qe1
Nf2 31.cxb6 axb6 32.Rxb6 Rxb6 33.Rxb6 Qe7 34.Qb1 Rc8 35.Rxe6
Qb4 36.Qxf5+ 1-0

[Event "Washington Open Championship"]
[Site "SeaTac City, WA"]
[Date "2012.05.27"]
[Round "4"]
[White "Bashkansky Naomi  (WA)"]
[Black "Thomas Arjun  (WA)"]
[Result "1-0"]
[WhiteElo "1508"]
[BlackElo "1391"]
[Annotator ""]
[Source ""]
[Remark "Reserve"]

1.d4 Nf6 2.e3 g6 3.Bd3 d5 4.Nd2 Bg7 5.f4 Bg4 6.Ngf3 O-O 7.h3
Bxf3 8.Nxf3 Nc6 9.O-O e6 10.Ne5 Nxe5 11.fxe5 Nd7 12.e4 c6 13.c3
Qb6 14.Kh1 Rac8 15.b4 a5 16.a3 Qc7 17.Bg5 f6 18.exf6 Bxf6 19.Bxf6
Nxf6 20.e5 Nd7 21.Qg4 Rxf1+ 22.Rxf1 Nf8 23.Rf6 Qg7 24.Rxe6 Ra8
25.Rf6 axb4 26.axb4 Ra1+ 27.Rf1 Rxf1+ 28.Bxf1 Qd7 29.Be2 Kf7
30.Qxd7+ Nxd7 31.Bg4 Ke7 32.Bxd7 Kxd7 33.Kh2 b6 34.Kg3 c5 35.b5
c4 36.Kg4 Ke6 37.Kg5 Kf7 38.Kh6 Kg8 39.e6 Kf8 40.Kxh7 Ke7 41.Kxg6
Kxe6 42.g4 Ke7 43.Kg7 Ke6 44.h4 Ke7 45.h5 Ke6 46.h6 Ke7 47.h7
Ke6 48.h8Q Ke7 49.Qf8+ ( 49.Qb8 Kd7 50.Kf8 Ke6 51.Qc8+ Kf6 52.Qf5# )
Kd7 50.Kf7 Kc7 51.Ke7 Kb7 52.g5 Kc7 53.g6 Kb7 54.g7 Ka7 55.g8Q
Kb7 56.Qb8# 1-0

[Event "Washington Open Championship"]
[Site "SeaTac City, WA"]
[Date "2012.05.27"]
[Round "4"]
[White "Fagundes Frank  (WA)"]
[Black "Wang James  (WA)"]
[Result "0-1"]
[WhiteElo "1763"]
[BlackElo "1655"]
[Annotator ""]
[Source ""]
[Remark "Premier"]

1.d4 d5 2.c4 c6 3.Nc3 Nf6 4.Nf3 e6 5.Bg5 Nbd7 6.e3 Qa5 7.Qa4
Qxa4 8.Nxa4 Bb4+ 9.Nc3 Ne4 10.Rc1 Nxg5 11.Nxg5 Nf6 12.a3
( 12.a3 Bd6 13.cxd5 Nxd5 14.Nxd5 cxd5 15.Bb5+ Ke7 16.O-O h6 17.Nf3
Bd7 18.Bxd7 Kxd7 19.Rc3 Rac8 20.Rfc1 Rxc3 21.Rxc3 f6 22.h4 h5
23.Kf1 Rc8 24.Rxc8 Kxc8 25.Ke2 Kd7 26.Kd3 Kc6 27.Kc3 Kb5 28.Ne1
a5 29.Nd3 b6 30.g3 g5 31.f4 gxf4 32.gxf4 Be7 33.f5 exf5 34.Nf4
Kc6 35.Nxh5 Bf8 36.Nxf6 Be7 37.Nh5 Bxh4 38.Ng7 Kd7 39.Nxf5 Bf2
40.Kd3 Ke6 41.e4 dxe4+ 42.Kxe4 b5 43.d5+ Kd7 44.Nd4 b4 45.a4
Bg3 46.Nc6 Bc7 47.Kd4 Kd6 48.Kc4 b3 49.Nd4 Bd8 50.Nxb3 Bf6 51.Kb5
Kxd5 52.Nxa5 Bxb2 53.Nb7 Bc3 {1/2-1/2, Klebanov Andrej - Kanevski Vladyslav, Seifhennersdorf (Germany) 2001}
) Be7 13.Bd3 dxc4 14.Bxc4 Nd5 15.Nf3 O-O 16.O-O Bd7 17.Ne5 Rfd8
18.e4 Nxc3 19.Rxc3 Be8 20.Rd1 Bf6 21.Rcd3 Bxe5 22.dxe5 Rxd3 23.Rxd3
c5 24.Rd6 Bc6 25.f3 Kf8 26.Kf2 Ke7 27.Ke3 Rd8 28.Rxd8 Kxd8 29.h4
b5 30.Bb3 a5 31.g4 Ke7 32.h5 h6 33.f4 g6 34.f5 g5 35.f6+ Kd8
36.Bc2 Kc7 37.Kd3 Kb6 38.b3 b4 39.a4 Bb7 40.Ke3 Ba6 41.Bd3 c4
42.Bc2 Kc5 43.Bd1 cxb3 44.Bxb3 Bc4 45.Bc2 b3 46.Bb1 Ba6 47.Kd2
Kb4 48.Ke3 Kc3 49.Kf2 Kb2 0-1

[Event "Washington Open Championship"]
[Site "SeaTac City, WA"]
[Date "2012.05.27"]
[Round "4"]
[White "Bodge Nicholas  (WA)"]
[Black "Oberly Calvin  (WA)"]
[Result "1-0"]
[WhiteElo "760"]
[BlackElo "1044"]
[Annotator ""]
[Source ""]
[Remark "Booster"]

1.e4 e5 2.Nf3 Nc6 3.Bc4 Nf6 4.Ng5 d5 5.exd5 Nxd5 6.Qf3 Nf6 7.Bxf7+
Ke7 8.Bb3 Bg4 9.Qe3 Qd4 10.Qxd4 Nxd4 11.d3 h6 12.Ne4 Nxb3 13.axb3
Ke6 14.Nbc3 Bb4 15.O-O a5 16.f3 Nxe4 17.fxe4 Rhf8 18.Rxf8 Rxf8
19.Nd5 Bc5+ 20.Be3 Bxe3+ 21.Nxe3 Bh5 22.Rxa5 b6 23.Ra7 Kd7 24.Nd5
Be2 25.h3 Rf1+ 26.Kh2 Rb1 27.Rxc7+ Kd6 28.Rxg7 Rxb2 29.Ne3 b5
30.Rg6+ Kc5 31.Kg3 Kd4 32.Kf2 Bxd3 33.Rd6+ Kxe4 34.Rxd3 Rxc2+
35.Nxc2 Kxd3 36.Na3 b4 37.Nc4 Kc3 38.Nxe5 Kxb3 39.Nd3 Kc3 40.Nxb4
Kxb4 41.Kf3 Kc4 42.Kf4 Kd4 43.g4 Kd5 44.Kf5 Kd6 45.Kf6 Kd7 46.Kg6
Ke8 47.Kxh6 Kf8 48.Kh7 Kf7 49.g5 1-0